Business Basics : Cassette 1 /

Gespeichert in:
Bibliographische Detailangaben
Hauptverfasser: Grant, David (Verfasst von), McLarty, Robert (Verfasst von)
Format: Audio
Sprache:Englisch
Veröffentlicht: Oxford : Oxford University Press, 1995
Tags: Tag hinzufügen
Keine Tags, Fügen Sie das erste Tag hinzu!

MARC

LEADER 00000njm a22000003a 4500
001 stu24136
005 20150617225748.7
008 961014s1995----uk------------------eng-d
020 |a 0-19-457211-0 
040 |a STU  |b slo 
041 0 |a eng 
044 |a uk 
080 |a 802.0 
100 1 |a Grant, David  |4 aut 
245 1 |a Business Basics :  |b Cassette 1 /  |c [aut.]Grant,David, McLarty,Robert 
260 |a Oxford :  |b Oxford University Press,  |c 1995 
700 1 |a McLarty, Robert  |4 aut 
996 |b CUP178  |c C*UP178  |l CCXVII  |s P  |a 0  |w stu24136_0001